Statistiques concernant Pays qui battent la France

Cliquez ici pour prendre le quiz!

Statistiques générales

  • Ce quiz a été pris 3,827 fois
  • Le résultat moyen est 10 sur 18

Statistiques - réponses

Rang Catégorie Pays % Correct
3Production de vinItalie, Espagne
91%
2Nombre de pays colonisésRoyaume-Uni
91%
2Énergie nucléaire généréeÉtats Unis
86%
4Population en EuropeRussie, Allemagne, Royaume-Uni
82%
3Nombre de pays bordésChine, Russie
78%
4Nombre de sites au patrimoine
mondial de l'UNESCO
Italie, Chine, Espagne
72%
2Lieu de naissance de papesItalie
66%
2Nombre de joueurs de football jouant
professionnellement dans un autre pays
Brésil
65%
2Oscars gagnés pour les films non anglaisItalie
57%
5Impôts les plus élevés en % du PIBDanemark, Belgique, Suède, Cuba
52%
8Destination des touristes chinoisCorée du Sud, Thaïlande, Taïwan, ...
52%
2Le train le plus rapide en serviceChine
50%
2Destination des touristes britanniquesEspagne
50%
9Production de fromage par habitantNouvelle-Zélande, Danemark, Irlande, ...
37%
5Plus faible pourcentage d'énergie provenant
de combustibles fossiles
Islande, Estonie, Suède, Finlande
28%
5Consommation de vin par habitantAndorre, Cité du Vatican, Croatie, Portugal
26%
6Nombre de canardsChine, Vietnam, Indonésie, ...
25%
5Le plus grand pays sans désertD.R. Congo, Indonésie, Zambie, Myanmar
24%

Distribution des résultats

Percentile par nombre de réponses

% des personnes avec chaque résultat

Votre développement - résultats

Vous n’avez pas pris ce quiz